|
|
|
|
| LEADER |
01186nam a2200301 a 4500 |
| 001 |
13029724 |
| 003 |
BD-DhAAL |
| 005 |
20241212123705.0 |
| 008 |
091205s2003 maua b 001 0 eng d |
| 010 |
|
|
|a 2002044919
|
| 020 |
|
|
|a 0262232316
|
| 020 |
|
|
|a 9780262232319
|
| 040 |
|
|
|a DLC
|c DLC
|
| 082 |
0 |
0 |
|a 332.4/6
|2 21
|
| 100 |
1 |
|
|a Walsh, Carl E.
|9 2195
|
| 245 |
1 |
0 |
|a Monetary theory and policy /
|c Carl E. Walsh.
|
| 250 |
|
|
|a Second edition.
|
| 260 |
|
|
|a Cambridge, Mass. :
|b MIT Press,
|c 2003.
|
| 300 |
|
|
|a xvii, 612 pages :
|b illustrations ;
|c 24 cm.
|
| 504 |
|
|
|a Includes bibliographical references and indexes.
|
| 526 |
|
|
|a ESS
|x Fahmida Sadia Rahman
Senior Lecturer
ESS
Course name and no. N/A
|
| 541 |
1 |
|
|e 00019609
|a Dhanshiri Library
|
| 650 |
|
0 |
|a Monetary policy.
|
| 650 |
|
0 |
|a Money.
|
| 852 |
4 |
|
|a Ayesha Abed Library
|j General Shelf.
|
| 942 |
0 |
0 |
|0 2
|2 ddc
|c BK
|
| 999 |
|
|
|c 6010
|d 6010
|
| 952 |
|
|
|0 0
|1 0
|2 ddc
|4 0
|6 332_460000000000000_WAL_2003
|7 0
|9 5995
|a BRACUL
|b BRACUL
|c GEN
|d 2009-12-07
|e Dhanshiri Library
|g 5000.00
|l 6
|m 19
|o 332.46 WAL
|p 3010019609
|r 2024-04-24
|s 2022-09-15
|t 1
|v 10000.00
|w 2009-12-07
|y BK
|x Requisitioned by Fahmida Saadia Rahman Department of ESS. Course name and no. N/A
|